
Library Catalogue

| 000 -LEADER | |
|---|---|
| fixed length control field | 01247cam a2200289 a 4500 |
| 001 - CONTROL NUMBER | |
| control field | 3054424 |
| 005 - DATE AND TIME OF LATEST TRANSACTION | |
| control field | 20260408141857.0 |
| 008 - FIXED-LENGTH DATA ELEMENTS--GENERAL INFORMATION | |
| fixed length control field | 960821s1997 enka b 101 0 eng |
| 020 ## - INTERNATIONAL STANDARD BOOK NUMBER | |
| International Standard Book Number | 9780521589833 (v. 1 : pbk) |
| 020 ## - INTERNATIONAL STANDARD BOOK NUMBER | |
| International Standard Book Number | 9780521589826 (v. 2 : pbk) |
| 020 ## - INTERNATIONAL STANDARD BOOK NUMBER | |
| International Standard Book Number | 9780521589819 (v. 3 : pbk) |
| 082 00 - DEWEY DECIMAL CLASSIFICATION NUMBER | |
| Classification number | 330 KRE |
| 245 00 - TITLE STATEMENT | |
| Title | Advances in economics and econometrics : |
| Remainder of title | theory and applications : seventh world congress, volumes 1-3 / |
| Statement of responsibility, etc. | edited by David M. Kreps and Kenneth F. Wallis |
| 260 ## - PUBLICATION, DISTRIBUTION, ETC. | |
| Place of publication, distribution, etc. | New York : |
| Name of publisher, distributor, etc. | Cambridge University Press, |
| Date of publication, distribution, etc. | 1997. |
| 300 ## - PHYSICAL DESCRIPTION | |
| Extent | 3 v. : |
| Dimensions | 24 cm. |
| 440 #0 - SERIES STATEMENT/ADDED ENTRY--TITLE | |
| Title | Econometric Society monographs |
| 500 ## - GENERAL NOTE | |
| General note | "Papers presented in the invited symposium sessions of the seventh World Congress of the Econometric Society, held at Keio University;, Tokyo in August 1995"--Pref. |
| 504 ## - BIBLIOGRAPHY, ETC. NOTE | |
| Bibliography, etc. note | Includes bibliographical references and index. |
| 650 #0 - SUBJECT ADDED ENTRY--TOPICAL TERM | |
| Topical term or geographic name entry element | Econometrics |
| General subdivision | Congresses. |
| 650 #0 - SUBJECT ADDED ENTRY--TOPICAL TERM | |
| Topical term or geographic name entry element | Economics |
| General subdivision | Congresses. |
| 700 1# - ADDED ENTRY--PERSONAL NAME | |
| Personal name | Kreps, David M. |
| 700 1# - ADDED ENTRY--PERSONAL NAME | |
| Personal name | Wallis, Kenneth Frank. |
| 760 ## - MAIN SERIES ENTRY | |
| Edition | Econometric Society monographs |
| 856 41 - ELECTRONIC LOCATION AND ACCESS | |
| Materials specified | Table of contents |
| Uniform Resource Identifier | <a href="http://www.loc.gov/catdir/toc/cam022/96042917.html">http://www.loc.gov/catdir/toc/cam022/96042917.html</a> |
| 942 ## - ADDED ENTRY ELEMENTS (KOHA) | |
| Source of classification or shelving scheme | Dewey Decimal Classification |
| Koha item type | BOOKs |
| Withdrawn status | Lost status | Source of classification or shelving scheme | Damaged status | Not for loan | Home library | Current library | Shelving location | Date acquired | Cost, normal purchase price | Total Checkouts | Full call number | Barcode | Date last seen | Price effective from | Koha item type | Public note |
|---|---|---|---|---|---|---|---|---|---|---|---|---|---|---|---|---|
| Dewey Decimal Classification | . | . | General Stacks | 30.05.2017 | 40.00 | 330 KRE-I | 13516 | 30.05.2017 | 30.05.2017 | BOOKs | Price for the entire Set | |||||
| Dewey Decimal Classification | . | . | General Stacks | 30.05.2017 | 40.00 | 330 KRE-III | 13517 | 30.05.2017 | 30.05.2017 | BOOKs | Price for the entire Set | |||||
| Dewey Decimal Classification | . | . | General Stacks | 30.05.2017 | 40.00 | 330 KRE-II | 13518 | 30.05.2017 | 30.05.2017 | BOOKs | Price for the entire Set |